• 首页
  • 本馆介绍
  • 公告通知
  • 最新文献
  • 馆藏检索
  • 电子资源
  • 读者荐购
  • 参考咨询
  • CALIS
  • 我的图书馆
  • 登录
  • 详细信息显示
  • 放入我的书架
  • 预约/预借图书
  • 作者相关作品
  • 分类相关作品
  • 丛书相关作品
  • 出版社相关作品

书目信息

  • 表格格式
  • 工作单格式
  • 卡片格式
题名:
奥多比魔幻世界Adobe Photoshop7.0滤镜艺术创意设计
    
 
作者: 陈人卿 编著
分册:  
出版信息: 北京   北京希望电子出版社  2002.06
页数: 248页
开本: 26cm
丛书名:
单 册:
中图分类: TP391.41
科图分类:
主题词: 计算机应用
电子资源:
ISBN: 7-900101-30-6
 
 
 
 
 
000 00657nam0 2200193 45
001 0329640310
005 2003111508140030
010    @a7-900101-30-6@d55.00CNY
100    @a20031115d2002 km y0chiy0120 ea
101 0  @achi
102    @aCN@b110000
200 1  @a奥多比魔幻世界Adobe Photoshop7.0滤镜艺术创意设计@Aao duo bi mo huan shi jie Adobe Photoshop7.0 lu jing yi shu chuang yi she ji@f陈人卿等编著@Fchen ren qing deng bian zhu
210    @a北京@c北京希望电子出版社@d2002.06
215    @a248页@d26cm@e附光盘1张
606 0  @a计算机应用
690    @aTP391.41@v4
701  0 @a陈人卿@Achen ren qing@4编著
801  0 @aCN@bPFT@c20031115
905    @dTP391.41@eC540
    
    奥多比魔幻世界Adobe Photoshop7.0滤镜艺术创意设计/陈人卿等编著.-北京:北京希望电子出版社,2002.06
    248页;26cm+附光盘1张
    
    
    ISBN 7-900101-30-6:55.00CNY
    
●
相关链接 在E读中查询图书 在当当中查询图书 在豆瓣中查询图书


正题名:奥多比魔幻世界Adobe Photoshop7.0滤镜艺术     索取号:TP391.41/C540         预约/预借

序号 登录号 条形码 馆藏地/架位号 状态 备注
1 374687   203746875   自科二线504/504自科库 2排1列5层/ [索取号:TP391.41/C540] 在馆    
2 374688   203746884   自科二线504/504自科库 16排2列2层/ [索取号:TP391.41/C540] 在馆    
3 374689   203746893   自科二线504/504自科库 17排1列3层/ [索取号:TP391.41/C540] 在馆    
4 394331   203943313   自科二线504/504自科库 17排1列3层/ [索取号:TP391.41/C540] 在馆    
5 394332   203943322   自科库301/301自科库 65排7列1层/ [索取号:TP391.41/C540] 在馆    
6 394333   203943331   自科二线504/504自科库 17排1列3层/ [索取号:TP391.41/C540] 在馆    
河南城建学院图书馆 欢迎您!
大连网信软件有限公司© 版权所有